المرجع العملي في الدعاوى العمالية / (رقم التسجيلة. 147325)

تفاصيل مارك
000 -الفاتح
عناصر البيانات ثابتة الطول 00880cam a2200193 i 4500
005 - تاريخ ووقت آخر معاملة
حقل ضبط 20260122112308.0
008 - عناصر البيانات ثابتة الطول
عناصر البيانات ثابتة الطول 250721s2021 jo gr 000 0 ara d
082 14 - رقم تصنيف ديوي العشري
رقم التصنيف 344.01
رقم المادة ش و ش
100 1# - مدخل رئيسي – اسم شخصي
الاسم الشخصي شوشاري، صلاح الدين محمد
علاقة الشخص بالعمل/ دوره مؤلف.
245 12 - بيان العنوان
العنوان المرجع العملي في الدعاوى العمالية /
بيان المسؤولية المحامي صلاح الدين محمد شوشاري، المحامي الدكتور عوض عبدالله عجاج القضاة.
250 ## - بيان الطبعة
بيان الطبعة الطبعة الأولى.
264 31 - بيانات النشر، التوزيع…إلخ
مكان النشر، التوزيع...إلخ عمان :
اسم الناشر، الموزع...إلخ صلاح الدين محمد شوشاري ؛
-- عوض عبد الله عجاج القضاة،
تاريخ النشر، التوزيع...إلخ 2021.
300 ## - الوصف المادي
عدد الوحدات المكونة للوعاء 474 صفحة.
650 17 - مدخل إضافي بالموضوع - مصطلح موضوعي
مصطلح موضوعي أو اسم جغرافي كعنصر مدخل قانون العمل.
650 17 - مدخل إضافي بالموضوع - مصطلح موضوعي
مصطلح موضوعي أو اسم جغرافي كعنصر مدخل الحقوق العمالية.
700 1# - مدخل إضافي - اسم شخصي
الاسم الشخصي القضاة، عوض عبد الله
علاقة الشخص بالعمل/ دوره مؤلف.
942 ## - بيانات إضافية (كوها)
نوع التنصيف Dewey Decimal Classification
نوع المادة (كوها) كتب
المقتنيات
حالة السحب حالة الفقدان مصدر التصنيف حالة التلف غير قابل للإعارة المكتبة الرئيسية المكتبة الحالية موقع الرف تاريخ التزويد الرقم المتسلسل Total Checkouts رقم الإستدعاء الباركود تاريخ آخر ظهور تاريخ الفاتورة نوع المادة (كوها)
    Dewey Decimal Classification     المكتبة المركزية المكتبة المركزية الإعارة 28/07/2025 1794643   344.01 / ش و ش PLD00516455 28/07/2025 28/07/2025 كتب
    Dewey Decimal Classification     المكتبة المركزية المكتبة المركزية مقتنيات قسم التزويد 28/07/2025 1794644   344.01/شوش   28/07/2025 28/07/2025 كتب
    Dewey Decimal Classification     مكتبة أم قصير والمقابلين العامة مكتبة أم قصير والمقابلين العامة الإعارة 17/04/2025 1794648   344.01 / ش و ش PLD00516530 28/07/2025 17/04/2025 كتب
    Dewey Decimal Classification     مكتبة الأميرة ايمان العامة مكتبة الأميرة ايمان العامة الإعارة 17/04/2025 1794645   344.01 / ش و ش PLD00516527 28/07/2025 17/04/2025 كتب
    Dewey Decimal Classification     مكتبة الاميرة بديعة مكتبة الاميرة بديعة الإعارة 17/04/2025 1794649   344.01 / ش و ش PLD00516531 28/07/2025 17/04/2025 كتب
    Dewey Decimal Classification     مكتبة الجويدة مكتبة الجويدة الإعارة 17/04/2025 1794651   344.01 / ش و ش PLD00516533 28/07/2025 17/04/2025 كتب
    Dewey Decimal Classification     مكتبة الحسن العامة مكتبة الحسن العامة الإعارة 17/04/2025 1794650   344.01 / ش و ش PLD00516532 28/07/2025 17/04/2025 كتب
    Dewey Decimal Classification     مكتبة حمزة العامة مكتبة حمزة العامة الإعارة 17/04/2025 1794652   344.01 / ش و ش PLD00516534 28/07/2025 17/04/2025 كتب
    Dewey Decimal Classification     مكتبة صويلح العامة مكتبة صويلح العامة الإعارة 17/04/2025 1794647   344.01 / ش و ش PLD00516529 28/07/2025 17/04/2025 كتب
    Dewey Decimal Classification     مكتبة وادي السير العامة مكتبة وادي السير العامة الإعارة 17/04/2025 1794646   344.01 / ش و ش PLD00516528 28/07/2025 17/04/2025 كتب
Implemented & Customized by: BBB with SCIT (Smart Chains for Information Technology)

Powered by Koha